Central Library OPAC University of Rajshahi

The man of letters in the modern world : (Record no. 19285)

MARC details
000 -LEADER
fixed length control field 00866nam a2200289 a 4500
001 - CONTROL NUMBER
control field 19285
003 - CONTROL NUMBER IDENTIFIER
rucl marc code BD-RjUL
005 - DATE AND TIME OF LATEST TRANSACTION
control field 20211209000418.0
008 - FIXED-LENGTH DATA ELEMENTS--GENERAL INFORMATION
fixed length control field 140223s1955 enk 000 1 eng u
035 ## - SYSTEM CONTROL NUMBER
System control number 55-09698
System control number (OCoLC)55116686
-- (BD-RjUL)19343
040 ## - CATALOGING SOURCE
Original cataloging agency WSU
Modifying agency m.c
Language of cataloging eng
Transcribing agency BD-RjUL
041 ## - LANGUAGE CODE
Language code of text/sound track or separate title eng
082 ## - DEWEY DECIMAL CLASSIFICATION NUMBER
Classification number 800
Author mark and year TAM 1955
100 1# - MAIN ENTRY--PERSONAL NAME
Personal name Tate, Allen.
Dates associated with a name 1899-1979.
9 (RLIN) 53872
245 14 - TITLE STATEMENT
Title The man of letters in the modern world :
Remainder of title selected essays, 1928-1955 /
Statement of responsibility, etc. Allen Tate.
260 ## - PUBLICATION, DISTRIBUTION, ETC. (IMPRINT)
Place of publication, distribution, etc. New York :
Name of publisher, distributor, etc. Meridian,
Date of publication, distribution, etc. 1955.
300 ## - PHYSICAL DESCRIPTION
Pagination 352 p. ;
Size 18 cm.
490 1# - SERIES STATEMENT
Series statement Meridian books ;
500 ## - GENERAL NOTE
General note "Thames & Hudson" imprint on sticker over "New York : Meridian Books, 1955."
650 #0 - SUBJECT ADDED ENTRY--TOPICAL TERM
Topical term or geographic name as entry element Literature
9 (RLIN) 59311
830 #0 - SERIES ADDED ENTRY--UNIFORM TITLE
Volume number/sequential designation M13
Uniform title Meridian books ;
942 ## - ADDED ENTRY ELEMENTS (KOHA)
Source of classification or shelving scheme Dewey Decimal Classification
Koha item type Books
Holdings
Lost status Source of classification or shelving scheme Damaged status Not for loan Collection code Permanent Location Current Location Shelving location Date acquired Source of acquisition Cost, normal purchase price Total Checkouts Full call number Date last seen Copy number Koha item type
  Dewey Decimal Classification   Not For Loan Fiction Central Library, University of Rajshahi Central Library, University of Rajshahi Reading Room 09/04/1964 Zeitlinger 12.60   800 TAM 1955 23/02/2014 C-1 Books